000 01121nam a22003497a 4500
003 CHAP
005 20220329141726.0
008 971013c19931987 r 00010 d
010 _a72846
011 _a73818
035 _a83376
040 _cCHAP
082 _a543.1
_bE3Y 1981
100 0 0 _aEgan, Harold.
_935749
245 _aAnálisis químico de alimentos de Pearson
260 _aMéxico, D. F. :
_bCECSA,
_c1993 (c.1987)
300 _a586 p.
500 _aTrad. de : Pearson's chemical. 8 ed. 1981
590 _aBATCH-UPD
_b10
_c20130110
_lUCH01
_h0242
590 _aBATCH-UPD
_b10
_c20130110
_lUCH01
_h1151
590 _aBATCH-UPD
_b10
_c20130409
_lUCH01
_h2309
590 _aBATCH-UPD
_b10
_c20130913
_lUCH01
_h2013
590 _aCONVERSION
_b10
_c20130109
_lUCH01
_h1340
650 1 4 _aAditivos alimenticios.
_9907
650 1 4 _aAlimentos
_xAnálisis.
_94164
650 1 4 _aAlimentos
_xQuímica de.
_94275
700 0 _aKirk, Ronald S.
_963345
700 0 _aSawyer, Ronald.
_9102810
901 _aBK
942 _cLIBRO
949 _a543.1 E3Y 1981
_bBC
_cLIBRO
_d33724000833810
_eLIBRO
_h50204 sust.
_i83376
_si
_t63.50
999 _c72846
_d72846